Kỹ thuật chiếu sáng

Spremljeno u:
Bibliografski detalji
Glavni autor: Patrick Vandeplanque
Format: Knjiga
Jezik:Undetermined
Izdano: Hà Nội Khoa học Kỹ thuật 2000
Teme:
Oznake: Dodaj oznaku
Bez oznaka, Budi prvi tko označuje ovaj zapis!
Thư viện lưu trữ: Trung tâm Học liệu Trường Đại học Cần Thơ
LEADER 00591nam a2200193Ia 4500
001 CTU_62062
008 210402s9999 xx 000 0 und d
020 |b 18000 
082 |a 621.32 
082 |b V228 
100 |a Patrick Vandeplanque 
245 0 |a Kỹ thuật chiếu sáng 
245 0 |c Patrick Vandeplanque, Lê Văn Doanh, Đặng Văn Đào dịch 
260 |a Hà Nội 
260 |b Khoa học Kỹ thuật 
260 |c 2000 
650 |a electric engineering,electric lights 
904 |i Mai Loan 
980 |a Trung tâm Học liệu Trường Đại học Cần Thơ